Cambio estructural para la igualdad : (Registro nro. 31152)

Detalles MARC
000 -LEADER
fixed length control field 02301nam a22002897a 4500
003 - CONTROL NUMBER IDENTIFIER
control field OSt
005 - DATE AND TIME OF LATEST TRANSACTION
control field 20260220164006.0
008 - FIXED-LENGTH DATA ELEMENTS--GENERAL INFORMATION
fixed length control field 260220b |||||||| |||| 00| 0 eng d
037 ## - SOURCE OF ACQUISITION
Source of stock number/acquisition Donación
040 ## - CATALOGING SOURCE
Original cataloging agency CO-JMCR
Language of cataloging spa
Transcribing agency CO-JMCR
Modifying agency CO-JMCR
Description conventions rda
041 00 - LANGUAGE CODE
Language code of text/sound track or separate title spa
082 04 - DEWEY DECIMAL CLASSIFICATION NUMBER
Classification number 338.98
Item number N12c
111 ## - MAIN ENTRY--MEETING NAME
Meeting name or jurisdiction name as entry element CEPAL
Location of meeting San Salvador
Date of meeting or treaty signing 2012
9 (RLIN) 49846
245 00 - TITLE STATEMENT
Title Cambio estructural para la igualdad :
Remainder of title una visión integrada del desarrollo /
Statement of responsibility, etc. CEPAL
260 ## - PUBLICATION, DISTRIBUTION, ETC.
Place of publication, distribution, etc. Santiago de Chile (Chile) :
Name of publisher, distributor, etc. Naciones Unidas,
Date of publication, distribution, etc. 2012
300 ## - PHYSICAL DESCRIPTION
Extent 80 páginas :
Other physical details ilustraciones y gráficas ;
Dimensions 21 cm.
490 0# - SERIES STATEMENT
Series statement Síntesis
Volume/sequential designation 2012
504 ## - BIBLIOGRAPHY, ETC. NOTE
Bibliography, etc. note Incluye referencias bibliogrf̀icas
505 ## - FORMATTED CONTENTS NOTE
Formatted contents note La propuesta de la CEPAL continuidad y ruptura -- El cambio estructural como vector clave del desarrollo -- Ciclo, tendencia y la relación entre política macroeconómica y cambio estructural -- Ciclo económico e inversión --La dimensión social en el cambio estructural -- Política para una visión integrada del desarrollo -- Reflexiones finales: La política y el estado desde una visión integrada del desarrollo.
520 3# - SUMMARY, ETC.
Summary, etc. En un contexto mundial particularmente complejo. América Latina y el Caribe requiere, con más fuerza que nunca, perseverar en tres direcciones para alcanzar el necesario desarrollo: el cambio estructural que permita avanzar hacia sectores más intensivos en conocimiento, la convergencia para reducir las brechas internas y externas de ingresos y productividad, y la igualdad de derechos. Esto supone tres grandes desafíos: lograr un crecimiento sostenido a tasas elevadas, suficientes para cerrar brechas estructurales y generar empleos de calidad; cambiar los patrones de consumo y producción en el contexto de una verdadera revolución tecnológica con sostenibilidad ambiental, y garantizar la igualdad sobre la base de una estructura productiva más convergente, con protección social universal y construcción de capacidades.
650 #7 - SUBJECT ADDED ENTRY--TOPICAL TERM
Topical term or geographic name entry element Ciclos económicos
Geographic subdivision América Latina
9 (RLIN) 50326
Source of heading or term JMCR
650 #7 - SUBJECT ADDED ENTRY--TOPICAL TERM
Topical term or geographic name entry element Desarrollo cientifíco y tecnológ̤ico
Geographic subdivision América Latina
9 (RLIN) 47290
Source of heading or term JMCR
650 #7 - SUBJECT ADDED ENTRY--TOPICAL TERM
Topical term or geographic name entry element Productividad
Geographic subdivision América Latina
9 (RLIN) 50327
Source of heading or term JMCR
710 2# - ADDED ENTRY--CORPORATE NAME
9 (RLIN) 3404
Corporate name or jurisdiction name as entry element Comisión económica para América Latina y el Caribe. CEPAL
710 2# - ADDED ENTRY--CORPORATE NAME
Corporate name or jurisdiction name as entry element Naciones Unidas
9 (RLIN) 30662
942 ## - ADDED ENTRY ELEMENTS (KOHA)
Koha item type Books
Source of classification or shelving scheme Dewey Decimal Classification
Existencias
Withdrawn status Lost status Source of classification or shelving scheme Damaged status Not for loan Collection code Home library Current library Shelving location Date acquired Total Checkouts Full call number Barcode Date last seen Copy number Price effective from Koha item type
    Dewey Decimal Classification     Non-fiction Biblioteca Pública José María del Castillo y Rada Biblioteca Pública José María del Castillo y Rada Book Cart 02/20/2026   338.98 N12c 201812414 02/20/2026 Ej.1 02/20/2026 Books